1843 1599 1975 1263 1541 1699 1026 1760 1428 1547 1865 1319 1481 1864 1471 1449 1762 1827 1234 1034 1443 1192 1641 1392 1391 1313 1841 1986 1876 1159 1057 1661 1658 1556 1578 1666 1324 1491 1811 1034 1822 1457 1980 1984 1291 1202 1752 1168 1352 1300 1315 1951 1825 1604 1324 1837 1986 1807 1735 1821 1933 1375 1888 1093 1268 1168 1360 1221 1561 1820 1464 1030 1950 1415 1628 1711 1259 1245 1630 1385 1733 1481 1673 1278 1528 1118 1755 1441 1987 1388 1091 1174 1186 1497 1759 1715 1435 1585 1898 BCNSPRNW ULIB Ver.6.0+V

เปลี่ยนเป็นภาษาไทย

Change to English
 แสดงรายละเอียดบรรณานุกรม
  กลับหน้าหลัก

Brief Record : Get Marc (ISO 2709) : E-mail record : QR code < ปิดหน้าต่าง
LEADER : 00000nam 2200000uu 4500
001    13399111978
003     ULIB
008    110627s2552||||th 000 0 tha d
020    9786167190112
090    นว.^bม442ท 2552
100 0  ม่านนที
245 00 ทัณฑ์รักเงาลวง/^cม่านนที
250    พิมพ์ครั้งที่ 1
260    กรุงเทพฯ :^bอินเลิฟ,^c2552
300    348 หน้า
710 1  อินเลิฟ
945    ^p229^l0^i026763
995    ทศพร
999 ^a ใช้งานได้ทุกระบบ
รายการนี้ยังไม่มีแท็ก
คุณยังไม่ได้ล็อกอิน คุณสามารถมีกิจกรรมร่วมกับเว็บไซต์ได้ แต่ต้องล็อกอินก่อน ::
  ล็อกอิน

รายการสื่อสารสนเทศ

ลำดับที่ ประเภท เลขเรียก/บาร์โค้ด สถานที่ สถานะ
- ไม่พบข้อมูล -

BibComment


ยังไม่เคยถูกคอมเมนท์

คอมเมนท์ทรัพยากรรายการนี้
  คอมเมนท์: ทัณฑ์รักเงาลวง ม่..


 Copyright 2026. Bcnsprnw @Library